<?xml version="1.0" encoding="UTF-8"?>
<record
    xmlns:xsi="http://www.w3.org/2001/XMLSchema-instance"
    xsi:schemaLocation="http://www.loc.gov/MARC21/slim http://www.loc.gov/standards/marcxml/schema/MARC21slim.xsd"
    xmlns="http://www.loc.gov/MARC21/slim">

  <leader>00817cgm a2200217   4500</leader>
  <controlfield tag="005">20140721131047.0</controlfield>
  <controlfield tag="007">vd cgaizm</controlfield>
  <controlfield tag="008">140721t2011    xx 35  f ||||  0| vleng d</controlfield>
  <datafield tag="020" ind1=" " ind2=" ">
    <subfield code="a">9781111055776</subfield>
  </datafield>
  <datafield tag="020" ind1=" " ind2=" ">
    <subfield code="a">1111055777</subfield>
  </datafield>
  <datafield tag="082" ind1="0" ind2="4">
    <subfield code="2">22</subfield>
    <subfield code="a">428.43</subfield>
    <subfield code="b">REA</subfield>
  </datafield>
  <datafield tag="245" ind1="0" ind2="0">
    <subfield code="a">Reading explorer intro</subfield>
    <subfield code="h">[videorecording] :</subfield>
    <subfield code="b">video on DVD : pre-elementary : 500-800 headwords : CEF A1-A2 /</subfield>
    <subfield code="c">National Geographic.</subfield>
  </datafield>
  <datafield tag="260" ind1=" " ind2=" ">
    <subfield code="a">[S. l.] :</subfield>
    <subfield code="b">Heinle Cengage Learning,</subfield>
    <subfield code="c">c.2011.</subfield>
  </datafield>
  <datafield tag="300" ind1=" " ind2=" ">
    <subfield code="a">1 videodisc (35:18 min.) :</subfield>
    <subfield code="b">sd., col. ;</subfield>
    <subfield code="c">4 3/4 in.</subfield>
  </datafield>
  <datafield tag="650" ind1=" " ind2="0">
    <subfield code="9">13995</subfield>
    <subfield code="a">Reading comprehension</subfield>
  </datafield>
  <datafield tag="650" ind1=" " ind2="0">
    <subfield code="9">35962</subfield>
    <subfield code="a">Discoveries in geography</subfield>
  </datafield>
  <datafield tag="650" ind1=" " ind2="0">
    <subfield code="9">36062</subfield>
    <subfield code="a">English language</subfield>
    <subfield code="v">Films for foreign speakers</subfield>
  </datafield>
  <datafield tag="653" ind1=" " ind2=" ">
    <subfield code="b">EEENG</subfield>
    <subfield code="c">July2014</subfield>
  </datafield>
  <datafield tag="710" ind1="2" ind2=" ">
    <subfield code="a">National Geographic Digital Motion (Firm)</subfield>
    <subfield code="9">36061</subfield>
  </datafield>
  <datafield tag="942" ind1=" " ind2=" ">
    <subfield code="2">ddc</subfield>
    <subfield code="c">DVD</subfield>
    <subfield code="k">428.43 REA</subfield>
  </datafield>
  <datafield tag="999" ind1=" " ind2=" ">
    <subfield code="c">18374</subfield>
    <subfield code="d">18346</subfield>
  </datafield>
  <datafield tag="952" ind1=" " ind2=" ">
    <subfield code="0">0</subfield>
    <subfield code="1">0</subfield>
    <subfield code="2">ddc</subfield>
    <subfield code="4">0</subfield>
    <subfield code="7">0</subfield>
    <subfield code="8">ILB</subfield>
    <subfield code="a">MAIN</subfield>
    <subfield code="b">MAIN</subfield>
    <subfield code="c">2ND</subfield>
    <subfield code="d">2014-07-21</subfield>
    <subfield code="e">purchase</subfield>
    <subfield code="g">270.00</subfield>
    <subfield code="h">4033</subfield>
    <subfield code="l">0</subfield>
    <subfield code="o">428.43 REA</subfield>
    <subfield code="p">000036089</subfield>
    <subfield code="r">2022-08-24 00:00:00</subfield>
    <subfield code="v">337.50</subfield>
    <subfield code="y">CDVDN</subfield>
  </datafield>
</record>
